000 00590nam a2200229Ia 4500
003 OSt
005 20220923230453.0
006 a|||||r|||| 00| 0
007 ta
008 Pun
024 _a282,272
037 _cTextual
040 _aARTS
_cARTS
_bPun
041 _2Pun
_aPun
082 _aO153,3N301x, M6
100 _aਮਛਾਨਵੀ, ਸੁਮਨ
245 0 _aਰੇFਮੀ ਧਾਗੇ
260 _c1986
650 _aਪੰਜਾਬੀ ਸਾਹਿਤ
942 _hO153,3N301x, M6
_cTEXL
_2CC
999 _c385039
_d385039